Owls of North America - Statistics

General Stats
  • This quiz has been taken 112 times
    101 since last reset
  • The average score is 13 of 17
Answer Stats
Picture Answer % Correct
Barn Owl
100%
Snowy Owl
100%
Great Horned Owl
96%
Burrowing Owl
88%
Barred Owl
87%
Great Gray Owl
85%
Long-eared Owl
83%
Short-eared Owl
79%
Eastern Screech-Owl
72%
Northern Saw-whet Owl
71%
Spotted Owl
67%
Elf Owl
65%
Northern Hawk-Owl
63%
Northern Pygmy-Owl
61%
Western Screech-Owl
61%
Boreal Owl
51%
Flammulated Owl
37%
No matching quizzes found
Score Distribution
Percent of People with Each Score
Percentile by Number Answered
Your Score History
You have not taken this quiz since the last reset